00449pab a2200145 454500008004000000100001700040245008500057260000900142300001300151362001200164650004100176650003200217650001500249773003900264180718b2000 xxu||||| |||| 00| 0 eng d aGeorge, T.M. aTertiarisation of employment in Kerala: role of employment generation programmes c2000 ap.907-15 aOct-Dec aEmployment creation - India - Kerala aEmployment - India - Kerala aEmployment aIndian Journal of Labour Economics